| 000 | 00000nam 2200000za 4500 |
| 001 | 9.801604 |
| 003 | CaOODSP |
| 005 | 20250403105639 |
| 007 | cr ||||||||||| |
| 008 | 150629s2015 onc |o f|0| 0 fre d |
| 022 | |a1712-5685 |
| 040 | |aCaOODSP|bfre |
| 043 | |an-cn--- |
| 086 | 1 |aCS12-001/41-1F-PDF |
| 100 | 1 |aMolina, Isabel. |
| 245 | 10|aEstimation sur petits domaines sous un modèle de Fay-Herriot avec test préliminaire pour la présence d'effets aléatoires de domaine |h[ressource électronique] / |cpar Isabel Molina, J.N.K. Rao et Gauri Sankar Datta. |
| 260 | |a[Ottawa] : |bStatistique Canada, |cc2015. |
| 300 | |a20 p. : |bgraphiques. |
| 490 | 1 |aTechniques d’enquête ; |x1712-5685|vVol. 41, no 1 |
| 500 | |aDate de diffusion : le 29 juin 2015. |
| 500 | |aÉgalement disponible en anglais sous le titre : Small area estimation under a Fay-Herriot model with preliminary testing for the presence of random area effects. |
| 504 | |aComprend des références bibliographiques. |
| 692 | 07|2gccst|aSondage |
| 700 | 1 |aDatta, Gauri Sankar. |
| 700 | 1 |aRao, J. N. K. |
| 710 | 2 |aStatistique Canada. |
| 775 | 08|tSmall area estimation under a Fay-Herriot model with preliminary testing for the presence of random area effects |w(CaOODSP)9.801599 |
| 830 | #0|aTechniques d’enquête,|x1712-5685|vVol. 41, no 1|w(CaOODSP)9.501432 |
| 856 | 40|qPDF|s360 Ko|uhttps://publications.gc.ca/collections/collection_2015/statcan/12-001-x/12-001-x2015001-fra.pdf |